000 00622nam a2200181Ia 4500
008 100917s9999 xx 000 0 und d
082 _b11573
100 _aपांढरीपांडे विजय मनोहर
245 _aअंधारातल्या सावल्या
260 _bमेनका प्रकाशन
_c1973
300 _a168
365 _b8
520 _aकादंबरी
630 _aअंधारातल्या सावल्या
650 _aकादंबरी
730 _aअंधारातल्या सावल्या
942 _cBOOK
999 _c616967
_d616964